书目信息 |
| 题名: |
新闻研究资料(丛刊)
|
|
| 作者: | 中国社会科学院新闻研究所《新闻研究资料》编辑室 辑 | |
| 分册: | 第一十五辑 | |
| 出版信息: | 北京 新华出版社 1983.11 |
|
| 页数: | 252页 | |
| 开本: | 19cm | |
| 丛书名: | ||
| 单 册: | ||
| 中图分类: | G219.2-53 | |
| 科图分类: | ||
| 主题词: | 新闻学 , 新闻工作 | |
| 电子资源: | ||
| ISBN: | ||
| 000 | 00707nam0 2200205 45 | |
| 001 | 0302170920 | |
| 005 | 20060816105013.98 | |
| 010 | @dCNY0.80 | |
| 091 | @a7190.017 | |
| 100 | @a20030217d1983 km y0chiy0120 ea | |
| 101 | 0 | @achi |
| 200 | 1 | @a新闻研究资料(丛刊)@h第一十五辑@AXin Wen Yan Jiu Zi Liao(Cong Kan)@f中国社会科学院新闻研究所《新闻研究资料》编辑室辑@FZhong Guo She Hui Ke Xue Yuan Xin Wen Yan Jiu Suo《Xin Wen Yan Jiu Zi Liao》Bian Ji Shi Ji |
| 210 | @a北京@c新华出版社@d1983.11 | |
| 215 | @a252页@d19cm | |
| 606 | 0 | @a新闻学 |
| 606 | 0 | @a新闻工作 |
| 690 | @aG219.2-53@v3 | |
| 701 | 0 | @a中国社会科学院新闻研究所《新闻研究资料》编辑室@4辑 |
| 801 | @aCN@bTSTC@c20060816 | |
| 905 | @dG219.2-53@e13:15 | |
| 新闻研究资料(丛刊).第一十五辑/中国社会科学院新闻研究所《新闻研究资料》编辑室辑.-北京:新华出版社,1983.11 |
| 252页;19cm |
| ISBN :CNY0.80 |
| ● |
| 相关链接 |
|
|
|
|
正题名:新闻研究资料(丛刊)
索取号:G219.2-53/13:15
 
预约/预借
| 序号 | 登录号 | 条形码 | 馆藏地/架位号 | 状态 | 备注 |
| 1 | 0464835 | 204648355 | 密集书库/ [索取号:G219.2-53/13:15] | 在馆 | |
| 2 | 0464836 | 204648364 | 密集书库/ [索取号:G219.2-53/13:15] | 在馆 |